|
|
|
|
| LEADER |
01057nam a2200313 a 4500 |
| 001 |
000378979 |
| 003 |
CZ BrMZK |
| 005 |
20210326112853.0 |
| 007 |
ta |
| 008 |
980115s1998 xr f 0 cze d |
| 015 |
|
|
|a cnb000646852
|
| 020 |
|
|
|a 80-7078-592-6
|
| 035 |
|
|
|a (OCoLC)42029897
|
| 040 |
|
|
|a BOA001
|b cze
|
| 072 |
|
7 |
|a 658
|x Řízení a správa podniku
|2 Konspekt
|9 4
|
| 080 |
|
|
|a 658.114.2/.6
|2 MRF
|
| 080 |
|
|
|a (048.8)
|2 MRF
|
| 100 |
1 |
|
|a Roubíček, Lukáš
|4 aut
|
| 245 |
1 |
0 |
|a Corporate governance :
|b (správa a řízení společnosti) /
|c Lukáš Roubíček
|
| 250 |
|
|
|a Vyd. 1.
|
| 260 |
|
|
|a Ostrava :
|b VŠB-Technická univerzita,
|c 1998
|
| 300 |
|
|
|a 130 s. ;
|c 21 cm
|
| 500 |
|
|
|a Bibliogr.
|
| 650 |
0 |
7 |
|a řízení a správa společností
|7 ph182334
|2 czenas
|
| 655 |
|
7 |
|a studie
|7 fd133597
|2 czenas
|
| 710 |
2 |
|
|a Vysoká škola báňská - Technická univerzita Ostrava
|7 kn20010709483
|
| 910 |
|
|
|a BOA001
|b 2-1052.978
|
| 990 |
|
|
|a BK
|
| 996 |
6 |
|
|b 2610082937
|c 2-1052.978
|l MZK
|r Sklad / do 1 hodiny
|n 16
|p p.v.
|w 000378979
|u 000010
|a 1
|e BOA001
|j MZK50
|s P
|